000 00348nam a2200133Ia 4500
008 240624s9999 xx 000 0 und d
041 _aeng
082 _a332 VEN
100 _aVENKATESH T R
245 _aFINANCIAL MARKETS AND INSTITUTIONS THE C
260 _c2005
_aHyderabad
_bICFAI University
300 _avi, : 186 : p. : cm. ; 23
365 _cRS
999 _c2854
_d2854